Problémy makroekonomickej rovnováhy a stabilizácie slovenskej ekonomiky v procese transformácie

Gespeichert in:
Bibliographische Detailangaben
1. Verfasser: Martincová, Marta, 1955-
Format: Buchkapitel
Sprache:Slowakisch
Tags: Tag hinzufügen
Keine Tags, Fügen Sie das erste Tag hinzu!

MARC

LEADER 00000naa$a2200000$$$4500
001 0116344
005 20240502083305.0
041 0 |a slo 
044 |a CZ 
245 1 0 |a Problémy makroekonomickej rovnováhy a stabilizácie slovenskej ekonomiky v procese transformácie  |c Marta Martincová 
100 1 |a Martincová, Marta, 1955-